Analog VLSI and neural systems (Record no. 3567)

000 -LEADER
fixed length control field 00595nam a2200229 a 4500
001 - CONTROL NUMBER
control field 3567
003 - CONTROL NUMBER IDENTIFIER
control field BD-DhUET
008 - FIXED-LENGTH DATA ELEMENTS--GENERAL INFORMATION
fixed length control field 0
020 ## - INTERNATIONAL STANDARD BOOK NUMBER
International Standard Book Number 0201059924
040 ## - CATALOGING SOURCE
Original cataloging agency DLC
Transcribing agency 0
Modifying agency BD-DhUET
050 00 - LIBRARY OF CONGRESS CALL NUMBER
Item number .
082 00 - DEWEY DECIMAL CLASSIFICATION NUMBER
Classification number 623.95
Item number MEA/1989
100 ## - MAIN ENTRY--PERSONAL NAME
Personal name Mead, Carver
245 10 - TITLE STATEMENT
Title Analog VLSI and neural systems
Statement of responsibility, etc. by Carver Mead
250 ## - EDITION STATEMENT
Edition statement 1st ed
260 ## - PUBLICATION, DISTRIBUTION, ETC. (IMPRINT)
Place of publication, distribution, etc. New York
Name of publisher, distributor, etc. Addison-Wesley
Date of publication, distribution, etc. 1989
300 ## - PHYSICAL DESCRIPTION
Extent xxii, 371 p., 8 p. of plates
Other physical details ill. (some col.)
Dimensions 24 cm.
490 1# - SERIES STATEMENT
Series statement Addison-Wesley VLSI systems series
504 ## - BIBLIOGRAPHY, ETC. NOTE
Bibliography, etc Includes bibliographies
650 #0 - SUBJECT ADDED ENTRY--TOPICAL TERM
Topical term or geographic name as entry element Neural computers
942 ## - ADDED ENTRY ELEMENTS (KOHA)
Koha item type General Book
Holdings
Koha issues (times borrowed) Date acquired Location (home branch) Sublocation or collection (holding branch) Piece designation (barcode) Damaged status Koha date last borrowed Koha date last seen Koha full call number Copy number Withdrawn status Not for loan Koha item type Shelving location Source of classification or shelving scheme Lost status Koha normalized classification for sorting Price effective from
12014-11-02Central Library, BUETCentral Library, BUET90935 2021-09-272021-09-27623.95/MEA/19891  General BookCirculation section  623_000000000000000_95MEA19892014-11-02
12014-11-02Central Library, BUETCentral Library, BUET90944 2021-09-272021-09-27623.95/MEA/19892  General BookCirculation section  623_000000000000000_95MEA19892014-11-02
12014-11-02Central Library, BUETCentral Library, BUET90934 2021-09-272021-09-27623.95/MEA/19893  General BookCirculation section  623_000000000000000_95MEA19892014-11-02
12014-11-02Central Library, BUETCentral Library, BUET90936 2021-09-272021-09-27623.95/MEA/19894  General BookCirculation section  623_000000000000000_95MEA19892014-11-02
12014-11-02Central Library, BUETCentral Library, BUET90942 2021-09-272021-09-27623.95/MEA/19895  General BookCirculation section  623_000000000000000_95MEA19892014-11-02
 2014-11-02Central Library, BUETCentral Library, BUET90945  2014-11-02623.95/MEA/19896  General BookCirculation section  623_000000000000000_95MEA19892014-11-02
132014-11-02Central Library, BUETCentral Library, BUET90946 2025-10-282025-11-03623.95/MEA/19897  General BookCirculation section  623_000000000000000_95MEA19892014-11-02
12014-11-09Central Library, BUETCentral Library, BUET90943 2021-09-272021-09-27623.95/MEA/19898  General BookCirculation section  623_000000000000000_95MEA19892014-11-09
 2015-06-27Central Library, BUETCentral Library, BUET90932  2015-06-27623.95/MEA/19899  Rental ItemReading section  623_950000000000000_MEA_19892015-06-27
 2015-06-27Central Library, BUETCentral Library, BUET90933  2015-06-27623.95/MEA/198910  Reading ItemReading section  623_950000000000000_MEA_19892015-06-27